| 000 | 01315cam a22003134a 4500 | ||
|---|---|---|---|
| 001 | 12431959 | ||
| 003 | NUST - PNEC | ||
| 005 | 20170116181132.0 | ||
| 008 | 010605s2002 enka b 001 0 eng | ||
| 010 | _a 2001036214 | ||
| 020 | _a0195144201 (alk. paper) | ||
| 040 |
_aDLC _cLIBRARY _dDLC |
||
| 042 | _apcc | ||
| 043 | _aaw----- | ||
| 050 | 0 | 0 |
_aDS62.4 _b.L488 2002 |
| 082 | 0 | 0 | _a956.015 LEW |
| 100 | 1 |
_aLewis, Bernard, _d1916- |
|
| 245 | 1 | 0 |
_aWhat went wrong? : Western impact and Middle Eastern response / _cBernard Lewis. |
| 260 |
_aOxford ; _aNew York : _bOxford University Press, _c2002. |
||
| 300 |
_a180 p. : _bill. ; _c22 cm. |
||
| 504 | _aIncludes bibliographical references and index. | ||
| 650 | _xgENERAL | ||
| 651 | 0 |
_aMiddle East _xHistory _y1517- |
|
| 856 | 4 | 2 |
_3Publisher description _uhttp://www.loc.gov/catdir/enhancements/fy0612/2001036214-d.html |
| 856 | 4 | 2 |
_3Contributor biographical information _uhttp://www.loc.gov/catdir/enhancements/fy0724/2001036214-b.html |
| 906 |
_a7 _bcbc _corignew _d1 _eocip _f20 _gy-gencatlg |
||
| 942 |
_2ddc _cBK |
||
| 999 |
_c70049 _d70049 |
||